Statistics for Star Wars Rogue One

Click here to take the quiz!

General Stats

  • This quiz has been taken 46 times
  • The average score is 9 of 11

Answer Stats

HintAnswer% Correct
Who is the sith lord that slaughters the rebels to get the plansDarth Vader
97%
Who is the princess that gets the plans on the rebel ramming shipPrincess Leia
97%
Who is the imperial grand that calls the battle station to blow up the imperial planetGrand Moff Tarkin
95%
Who is the main character who became good to get the plans with 5 othersJyn Erso
95%
Who is the droid that accompanies the group to get the plansK-2SO
92%
Who is another main character who later falls in love with the protagonistCassian Andor
87%
Who is the blind force beliver who saves the three from imperialsChirrut Imwe
87%
Who is the imperial director that is the leader of the imperial planetOrson Krennic
87%
Who is the blind "jedis" bodyguardBaze Malbus
85%
Who is the engineer that calls the rebels for aid on the imperial planetBodhi Rock
69%
What is the imperial planet called that houses the plansScariff
51%

Score Distribution

Percentile by Number Answered

Percent of People with Each Score

Your Score History

You have not taken this quiz